000 00368nam a22001457a 4500
020 _a9780745651590
082 _a113
_bPAU/P
100 _aPaul Feyerabend
_948141
245 _aPhilosophy of nature/
_cby Paul Feyerabend
260 _aCambridge:
_bPolity,
_c2016.
300 _a260p.
650 _aNature Philosophy
_948142
650 _aPhilosophy
_948143
942 _cBK
999 _c71925
_d71925